000 00549nam a2200205 4500
001 127497
003 ES-MaACL
005 20240530125423.0
007 t|
008 070214s1982 sp r ||||1| spa d
100 1 _aRisco, Antonio.
_997457
245 1 0 _aLiteratura y fantasía /
_cAntonio Risco.
260 _aMadrid :
_bTaurus,
_c1982.
300 _a272 p. ;
_c21 cm.
490 1 _aPersiles ;
_v135
830 0 0 _aPersiles ;
_v135
_9236720
852 _aES-MaACL
_jL-3158
_bR.103507
942 _2udc
999 _c127497
_d127497